01491cac a2200361 i 4500003000900000005001700009008004100026020001800067020001500085040003800100043001200138050002700150082001800177092000700195099001600202245012800218264007700346300003000423336002600453337002800479338002700507504005100534630007700585650003300662700003200695700003400727856006000761856008900821905000700910942001900917999001700936952017600953EG-GICUC20260121101408.0950505s1995 enk frb 001 0 eng d a9780198259336 a0198259336 aDLCcDLCdDLCdEG-GICUCbengerda ae-uk---00aK3238.31966b.I58 199500a341.4804222104221 aLaw 08 199504aThe International Covenant on Civil and Political Rights and United Kingdom law /cedited by David Harris and Sarah Joseph. aOxford :bClarendon Press ;aNew York :bOxford University Press,c1995. axviii, 699 page ;c24 cm. atextbtxt2rdacontent aunmediatedbn2rdamedia avolumebnc2rdacarrier aIncludes bibliographical references and index.00aInternational Covenant on Civil and Political Rightsd(1966 December 16) 0aHuman rightszGreat Britain.1 aHarris, D. J.q(David John)1 aJoseph, Sarahq(Sarah Louise)42uhttps://fll.law.cu.edu.eg/fulltext/bks/ENGB08-00061.pdf423Publisher descriptionuhttp://www.loc.gov/catdir/enhancements/fy0606/95011271-d.html a10 2ddccBKe21n0 c47466d47466 00102ddc40708القانون الدستوريaCUbLAW2d2025-11-30l0oLaw2 08 341.48042 IN 1995 0800061 C1pENGB08-00061r2025-11-30 13:51:51t1w2025-11-30yBKz2000